01160nam a2200193Ia 4500001000900000003001000009008004100019040002500060041001300085100002100098245007300119250001100192260009400203300001200297500026000309501011400569520026000683650002300943L140-977IT-CnALBA170116s9999||||xx |||||||||||||| ||und|| aIT-CnALBAcIT-CnALBA aITALIANO aZAMBONI GIUSEPPE 0aVERSO LA FILOSOFIA VOL. I INTRODUZIONE AI PROBLEMI DELLA CONOSCENZA  a1a ed. aMILANO - VERONAbMONDADORI ARNOLDO. EDIT. c1935 [1° Ed.:1935 - Ed.Ling.Originale: 1935] a208 p.  aCRITERI DI RICERCA. RIFLESSIONE FILOSOFICA. LOGICA ONTOLOGIA. RAGIONE RAGIONAMENTO. DALLA GRAMMATICA ALLA ONTOLOGIA. RAGIONE E FEDE NEL MEDIOEVO. SISTEMA DEL PENSIERO. ANTROPOLOGIA ETICA TEOLOGIA NATURALE. RAZIONALISMO DELLA FILOSOFIA MODERNA. PENSIERO SC aSocietà San Paolo EM - Piazza San Paolo, 14 - 12051 ALBA (CN) (non commercial uses only) ® Copyright 2017 aCRITERI DI RICERCA. RIFLESSIONE FILOSOFICA. LOGICA ONTOLOGIA. RAGIONE RAGIONAMENTO. DALLA GRAMMATICA ALLA ONTOLOGIA. RAGIONE E FEDE NEL MEDIOEVO. SISTEMA DEL PENSIERO. ANTROPOLOGIA ETICA TEOLOGIA NATURALE. RAZIONALISMO DELLA FILOSOFIA MODERNA. PENSIERO SC aSISTEMI FILOSOFICI